000 00387cam a2200169ua 4500
001 5287
008 120808n enk |||gr||||Z||||||eng
040 _cMAIN
082 _a831
100 _aRilke,
_eAuthor,
245 1 1 _aSelected poems
_cby Rilke
250 _a1st.
260 _aHarmondsworth:
_bPenguin books,
_c1964.
300 _a93p:
_c15cm.
653 _aGerman poetry
942 _cBK
999 _c4469
_d4469